LEADER 01216nam a2200289 i 4500 001 000000073899 003 CaOOAMICUS 005 20070424000000.0 008 070424s1988 it u000 u ita u 013 $a45071 020 $a88-7692-110-9 040 $aSeMil$bita 100 1 $aGalilei, Galileo,$d<1564-1642>.$0(OLS)http://semarc/name/1101 245 10$aDialogo :$bsopra i due massimi sistemi del mondo /$cGalileo Galilei. 260 $aPordenone :$bStudio Tesi,$c1988. 300 $aXLII, 643 p. ;$c18 cm. 490 0 $aFilo di perle ;$v36 500 $aContiene : Cronologia ; Nota bibliografica - Fondo Ciprandi. 650 4$aGalilei, Galileo <1564-1642> - Pensiero filosofico-scientifico.$0(OLS)http://semarc/subject/15084 830 0$aFilo di perle ;$v36.$0(OLS)http://semarc/title/19364 850 $aSeMil 852 $aSeMil$W1$xVenegono$y1$m1C II 79$j40051$B40051$CSeMilBibl$Z2$F40055 $81 941 1 $a1 961 $aOmaggio: Ciprandi dott. Paolo 996 $6020$a88-7692-110-9$9(OLS)http://semarc/number/53998 996 $6245$aDialogo :$bsopra i due massimi sistemi del mondo$9(OLS)http://semarc/title/119884 996 $6260$aPordenone :$bStudio Tesi$9(OLS)http://semarc/publisher/32924 LEADER 01472nam a2200253 i 4500 001 000000069170 003 CaOOAMICUS 005 20260304140642.0 008 131128s1733 xx u000 u lat u 013 $a40342 026 $aS.R. i-e- m.ac SEin (3) 1733 (R) 040 $aSeMil$bita 245 10$a[Tomus 1]. 300 $a[62], 736 [i.e. 748] p., [2] carte di tav. :$bill. 500 $aAntip. e ritratto dell'A. incisi da Andreas Nunzer e fregio a c. a2r. inciso da Iacob Andreas Fridrich 500 $aSegn.: pg2, a4 chi1 b-n2 A-4Z4 4Z(a)4 4Z(b)2 (I fasc. 4Z(a)4 e 4Z(b)2 ripetono le p. 729-736 e 732-736) 700 1 $aFridrich, Jakob Andreas .$0(OLS)http://semarc/name/34563 700 1 $aNunzer, Andreas .$0(OLS)http://semarc/name/34562 773 0 $aCudworth, Ralph <1617-1688>$tRudolphi Cudworthi ... Systema intellectuale huius universi seu de veris naturae rerum originibus commentarii quibus omnis eorum philosophia, qui deum esse negant, funditus euertitur. Accedunt reliqua eius opuscula. Ioannes Laurentius Moshemius ... reliqua omnia ex anglico latine vertit ... Tomus 1. [-2.].$dIenae : Sumptu Vidvae Meyer, 1733$g1$w()28794 850 $aSeMil 852 $aSeMil$W1$xVenegono$y1$m2O VI 10 FA$j35323$B35323$CSeMilBibl$Z2$F35326 $8I 961 $aTimbro di provenienza: Dalla Biblioteca del Consiglio di Stato 996 $6245$a[Tomus 1]$9(OLS)http://semarc/title/76787